000 00652nam a2200181Ia 4500
003 GCL
008 140319s9999 xx 000 0 ara d
040 _aGCL /
_cGCL
082 0 4 _a019.2
_bا ت
100 1 _aالسيد احمد الحسينى
245 1 0 _aالتراث العربى فى خزانة مخطوطات مكتبة اية الله العظمى المرعشى النجفة: قم - ايران /
_cالسيد احمد الحسينى
300 _aمتعدد
490 _a100 قصة
_v0
650 0 4 _aالتراث العربى
650 0 4 _aالمخطوطات العربية
650 0 4 _aالمخطوطات - فهرسة
942 _2ddc
_cBK
999 _c43725
_d43725